[Event "FIDE WCC 2018"]
[Site "Khanty-Mansiysk"]
[Date "2018.11.05"]
[Round "1.4"]
[White "Gara, Anita"]
[Black "Lei, Tingjie"]
[Result "0-1"]
[WhiteElo "2370"]
[BlackElo "2457"]
[Annotator "TA"]
[PlyCount "80"]
[EventDate "2018.11.03"]
[EventType "k.o."]
[EventCountry "RUS"]
[SourceTitle "playchess.com"]
[Source "ChessBase"]
[SourceQuality "1"]

{[%evp 26,80,42,50,50,41,52,44,37,0,0,-47,-15,-21,30,-120,-127,-111,-93,-101,-92,-104,-92,-95,-96,-104,-95,-113,-91,-107,-82,-110,-106,-103,-90,-154,-127,-160,-127,-202,-206,-408,-395,-2255,-2277,-1425,-2191,-1975,-1976,-1885,-1810,-1315,-1312,-2341,-2066,-6440,-6161]} 1. e4 e5 2. Nf3 Nc6 3. Bc4 Bc5 4. c3 Nf6 5. d4 exd4 6. e5 d5 7. Bb5 Ne4 8. cxd4 Bb6 9. Nc3 O-O 10. Be3 {C54: Italienische Partie (Hauptvariante)} Bg4 11. h3 Bh5 12. Qc2 Bg6 13. Qb3 Nxc3 (13... Ne7 14. O-O c6 15. Bd3 Kh8 16. Nh4 c5 17. Nxg6+ fxg6 18. Bxe4 cxd4 19. Nxd5 Nxd5 {1-0 (51) Jones,G (2677)-Aronian,L (2780) Douglas 2018}) 14. Bxc6 {LiveBook: 4 Partien} bxc6 15. Qxc3 Be4 16. a4 $146 {Schwarz muss nun a5 beachten.} ({Vorgänger:} 16. Ng5 Bf5 {1-0 (47) Karpatchev,A (2433)-Bhakti,K (2295) Heraklion 2018}) 16... a5 17. Qxc6 f6 18. e6 Qe7 (18... Qe8 $5 {[%cal Re8c6]} 19. Rc1 Qe7 $11) 19. Nd2 Bxg2 ({Günstiger ist} 19... Bd3) 20. Rg1 (20. Rh2 $11) 20... Bxh3 $17 21. Bh6 g6 {[#] ...Tfe8 ist eine echte Drohung.} ({Jedoch nicht} 21... Qxe6+ 22. Qxe6+ Bxe6 23. Bxg7 $15) 22. Bxf8 Rxf8 23. Rg3 Qxe6+ 24. Qxe6+ Bxe6 25. Nb3 Kf7 26. Rc3 Re8 27. Kd2 h5 {[%cal Bh7h5,Bh5h4,Bh4h3][%mdl 32]} 28. Nc5 Bf5 29. b4 h4 30. Rb3 (30. Rcc1 $142) 30... h3 31. f3 g5 32. Re3 (32. b5 $17 {war nötig.}) 32... Rh8 $19 {Und ...Th4 würde nun gewinnen.} 33. b5 $2 {[#]} (33. bxa5 Bxa5+ 34. Ke2) 33... Rh4 34. Kc3 $2 (34. Nb3 h2 35. Rh1) 34... Bxc5 {Schwarz steht klar auf Gewinn.} 35. dxc5 {[%mdl 4096] Endspiel KTT-KTL} d4+ 36. Kd2 dxe3+ 37. Kxe3 Rb4 38. Ra2 Ke6 39. Rd2 Rxa4 40. Rb2 Rb4 {Precision: Weiß = 34%, Schwarz = 74%.} 0-1

[Event "FIDE WCC 2018"]
[Site "Khanty-Mansiysk"]
[Date "2018.11.05"]
[Round "1.4"]
[White "Padmini, Rout"]
[Black "Abdumalik, Zhansaya"]
[Result "0-1"]
[WhiteElo "2341"]
[BlackElo "2473"]
[Annotator "TA"]
[PlyCount "120"]
[EventDate "2018.11.03"]
[EventType "k.o."]
[EventCountry "RUS"]
[SourceTitle "playchess.com"]
[Source "ChessBase"]
[SourceQuality "1"]

{[%evp 13,120,18,16,15,24,24,18,13,16,18,21,19,14,-15,-9,-31,0,-50,-25,-65,-44,-73,-38,-41,-45,-39,-39,-36,-32,-35,-36,-40,-34,-39,-32,-78,-76,-79,-67,-91,-66,-110,-35,-35,-35,-35,-35,-20,-27,-35,-35,-33,-23,-35,-35,-35,-35,-36,-37,-97,-97,-97,-97,-97,-97,-97,-97,-214,-98,-281,-280,-284,-258,-361,-388,-387,-360,-545,-429,-539,-539,-526,-518,-737,-736,-1203,-1085,-1470,-1439,-1703,-1393,-29991,-1589,-1902,-1791,-1666,-1585,-1760,-1814,-1595,-1056,-933,0,-1638,-1492,-1653,-1641,-1913,-1864]} 1. Nf3 Nf6 2. c4 c5 3. Nc3 d5 4. cxd5 Nxd5 5. e3 Nxc3 6. dxc3 {A34: Symmetrical English: 2 Nc3, lines with ...d5} Qc7 7. e4 Nc6 {LiveBook: 7 Games} 8. Be3 {The position is equal.} e6 9. Nd2 $146 ({Predecessor:} 9. Be2 Bd6 10. O-O O-O 11. Qc2 b6 12. h3 Bb7 13. Rad1 {0-1 (28) Wojtaszek,R (2736)-Tari,A (2593) Katowice 2017}) 9... Be7 10. Qg4 {[#] Strongly threatening Bf4.} O-O 11. Qg3 Bd6 12. f4 Rd8 13. e5 Bf8 14. Be2 b6 15. O-O-O Bb7 (15... Nd4 $5 16. Bg4 Bb7 $15) 16. Nf3 Ne7 17. Bd3 {Threatens to win with Bxh7+!} Nf5 18. Qf2 $1 c4 19. Bc2 Rxd1+ 20. Rxd1 Rd8 21. g3 Rxd1+ 22. Bxd1 Nxe3 23. Qxe3 Bc5 24. Qd2 {[#]} b5 $1 25. Nd4 Qb6 26. a3 a5 27. Be2 b4 ({Black should play} 27... h6 $17) 28. axb4 $15 axb4 29. Bxc4 bxc3 30. bxc3 Ba3+ 31. Kd1 Qb1+ 32. Ke2 Qh1 33. Qe1 Qxh2+ 34. Qf2 $1 {[%cal Rf2h2]} Qh5+ 35. Kd2 Qh1 $36 {[%mdl 2048] Black has the initiative.} 36. Ne2 (36. Qf1 $1 $15) 36... Qc6 $17 37. Qa7 Bf8 38. Bd3 h5 39. Qb8 Qd5 40. Nd4 (40. Qa7 $17 {was worth a try.}) 40... g6 (40... Qg2+ $19 {and Black stays clearly on top.} 41. Ne2 Bf3) 41. Qe8 $2 (41. Qa7 $17 {only move.}) 41... Qg2+ $19 42. Ne2 Bf3 {aiming for ...Bxe2.} 43. f5 gxf5 44. Qd8 Bg4 45. c4 (45. Ba6 {was necessary.}) 45... Qb7 46. Bc2 Qb4+ 47. Nc3 Qxc4 48. Bd3 Qc5 49. Qf6 Bg7 50. Qd8+ Kh7 51. Ne2 Qxe5 52. Nf4 Bh6 (52... Qc3+ $142 53. Ke3 Qc5+ 54. Kd2 Bc3+ 55. Kc2 Bd4+ 56. Kb3 Qc3+ 57. Ka4 Bd1+ 58. Kb5 Qc5+ 59. Ka6 Qc6+ 60. Ka5 Bc3#) 53. Qe8 Bxf4+ 54. gxf4 Qxf4+ 55. Kc2 Kg7 56. Qe7 Qf2+ 57. Kc3 Qf4 $2 (57... Qe3 $19 58. Kc2 Qf4) 58. Qh4 $2 {[%mdl 8192]} (58. Kc2 $11 h4 59. Bb5) 58... Qe5+ {Black is clearly winning.} 59. Kd2 Qf6 60. Qh1 h4 {Precision: White = 37%, Black = 79%.} 0-1

[Event "FIDE WCC 2018"]
[Site "Khanty-Mansiysk"]
[Date "2018.11.05"]
[Round "1.4"]
[White "Khukhashvili, Sopiko"]
[Black "Harika, Dronavalli"]
[Result "0-1"]
[WhiteElo "2316"]
[BlackElo "2498"]
[Annotator "TA"]
[PlyCount "143"]
[EventDate "2018.11.03"]
[EventType "k.o."]
[EventCountry "RUS"]
[SourceTitle "playchess.com"]
[Source "ChessBase"]
[SourceQuality "1"]

{[%evp 14,143,12,5,10,14,10,0,5,0,0,0,0,0,0,0,0,-45,-35,-43,-36,-53,-55,-55,-50,-65,-57,-61,-52,-49,-52,-74,-65,-84,-64,-66,-56,-68,-55,-78,-65,-80,-58,-68,-47,-57,-43,-33,-34,-37,-19,-19,-19,-50,-36,-46,-31,-22,-21,-20,-27,-25,-16,-27,-23,-31,-27,-27,-27,-29,-27,-41,0,-29,0,-8,0,0,8,-7,0,0,0,0,0,0,0,0,0,0,8,0,57,0,0,0,8,8,8,8,8,4,8,0,0,2,8,0,8,8,8,10,97,109,972,8,12,-30,-29,-29964,-29966,-29964,-29953,-3239,-2719,-29993,-4726,-1625,-1395,-1645,-1488,-834]} 1. e4 e5 2. Nf3 Nf6 3. Nxe5 d6 4. Nf3 Nxe4 5. Qe2 Qe7 6. d3 Nf6 7. Nc3 Qxe2+ 8. Bxe2 g6 {C42: Petroff Defence: 3 Nxe5 and unusual White 3rd moves} 9. Nb5 (9. Bg5 Bg7 10. O-O-O O-O 11. Rhe1 h6 12. Bh4 Nc6 13. d4 a6 14. a3 Bd7 15. d5 Na7 16. Nd4 {½-½ (65) So,W (2799)-Caruana,F (2784) Berlin 2018}) 9... Na6 {[%cal Bb8a6,Ba6c7,Bc7d5][%mdl 32]} 10. Be3 $146 ({Predecessor:} 10. c3 c6 11. Na3 d5 12. Nc2 {½-½ (12) Savic,M (2541)-Atalik,S (2509) Paracin 2018}) 10... Bd7 {The position is equal.} 11. d4 ({Don't blunder} 11. Nxa7 $2 b6 $19) 11... c6 12. Na3 Nc7 13. O-O Ncd5 14. Bd2 Ne4 15. Rfe1 Nxd2 16. Bc4+ Be6 17. Bxd5 Nxf3+ 18. Bxf3 d5 19. Nb1 Kd7 20. Nd2 Bg7 21. c3 Rae8 22. b4 Kd6 23. Nf1 Re7 24. Ne3 Rhe8 25. Re2 Bh6 26. Rae1 Bg5 27. a4 h5 28. h3 Kd7 29. Kf1 Kd8 30. Nd1 Bf5 {Hoping for ...Bd3.} 31. Rxe7 Rxe7 32. Rxe7 Kxe7 $15 {[%mdl 4096] Endgame KBB-KBN} 33. Ne3 Be6 34. Ke2 Kd7 35. Nc2 Kd6 36. Ne1 b6 37. Nd3 f6 {[%cal Bf7f6,Bf6f5][%mdl 32]} 38. g4 hxg4 39. Bxg4 f5 40. Bf3 Bf6 41. Bg2 g5 42. f4 Bc8 43. Ke3 Ke6 44. Bf3 Be7 45. Ne5 c5 46. b5 cxd4+ 47. cxd4 a6 48. Be2 axb5 49. Bxb5 Ba3 {aiming for ...Bc1+.} 50. Nd3 Kf6 51. Kf3 Bd6 52. Bc6 Be6 (52... g4+ $11 53. Kg3 Be6) 53. Ne5 (53. fxg5+ $1 $14 Kxg5 {[#]} 54. Nf4 $1 {[%mdl 512]}) 53... gxf4 $11 54. Kxf4 Ba3 55. Bd7 Bc1+ 56. Kf3 Bb2 57. Ke3 Bc1+ 58. Kd3 Bg8 59. Bc8 f4 60. Ke2 Bh7 61. Nd7+ Ke7 62. Nxb6 {Threatens to win with a5.} Kd6 (62... Be4 $11) 63. a5 $16 {Strongly threatening a6.} Bb2 $2 {[%mdl 8192]} (63... Kc7 $16) 64. Bb7 $2 ({White has to play} 64. a6 $18) 64... Bxd4 {...Be4 is the strong threat.} 65. Nc8+ Kc7 66. a6 $2 {[%mdl 8192] [#]} (66. Bxd5 $11 Kxc8 67. Kf3) 66... Be4 67. Ne7 f3+ 68. Kd2 f2 69. a7 Bxa7 (69... f1=Q $142 70. Ba6 Qg2+ 71. Be2 Qg5+ 72. Kd1 Bc3 73. a8=N+ Kd6 74. Nf5+ Bxf5 75. Bf3 Qd2#) 70. Ba6 $19 {Black is clearly winning.} Bg2 71. h4 Bc5 72. Ng6 {Precision: White = 44%, Black = 49%.} 0-1

[Event "FIDE WCC 2018"]
[Site "Khanty-Mansiysk"]
[Date "2018.11.05"]
[Round "1.4"]
[White "Foisor, Sabina-Francesca"]
[Black "Stefanova, Antoaneta"]
[Result "0-1"]
[WhiteElo "2264"]
[BlackElo "2490"]
[Annotator "TA"]
[PlyCount "112"]
[EventDate "2018.11.03"]
[EventType "k.o."]
[EventCountry "RUS"]
[SourceTitle "playchess.com"]
[Source "ChessBase"]
[SourceQuality "1"]

{[%evp 31,112,6,23,0,0,0,0,0,0,-19,-20,-238,-231,-221,-218,-241,-229,-238,-239,-231,-193,-177,-184,-173,-178,-271,-283,-312,-285,-262,0,-295,0,-433,-433,-429,-414,-427,-400,-446,-404,-627,-423,-572,-417,-695,-546,-508,-498,-498,-496,-491,-491,-491,-477,-484,-410,-405,0,-483,-471,-465,-449,-557,-491,-1016,-717,-1016,-1015,-1427,-925,-1294,-980,-2009,-1071,-29966,-29974,-29973,-29971,-29970,-29970,-29969,-29969]} 1. d4 d5 2. c4 e6 3. Nc3 c6 4. Nf3 dxc4 5. a4 Bb4 6. e3 b5 7. Bd2 a5 8. axb5 Bxc3 9. Bxc3 cxb5 10. b3 Bb7 11. bxc4 b4 12. Bb2 Nf6 13. Bd3 Nbd7 14. Nd2 O-O 15. O-O Re8 {D31: Queen's Gambit Declined: Semi-Slav without ...Nf6 (+ Marshall Gambit and Noteboom) and Exchange Variation lines without ...Nf6} (15... e5 16. d5 Re8 17. f4 Qe7 18. Bc2 Qd6 19. Kh1 e4 20. Ba4 Rec8 21. Bxd7 Nxd7 22. Qg4 Nf6 23. Nxe4 Nxg4 24. Nxd6 Nxe3 {½-½ (44) Lenderman,A (2626)-Tomashevsky,E (2744) Doha 2015}) 16. Bc2 Qc7 {LiveBook: 4 Games} 17. f3 e5 {The position is equal.} 18. Rf2 exd4 19. exd4 Nb6 {[%cal Bd7b6,Bb6d5,Bd5e3][%mdl 32] [#]} 20. c5 $146 ({Predecessor:} 20. Bd3 a4 21. d5 Nfd7 22. f4 Nc5 23. Qg4 g6 {½-½ (48) Napalkov,V (2506)-Efremov,A (2550) ICCF email 2013}) 20... Nbd5 21. Ne4 $2 {[#]} (21. Nc4 $1 $11 {and White has nothing to worry.}) 21... Nxe4 $1 $19 22. Bxe4 Ne3 23. Qd3 Bxe4 24. Qxe3 Bd5 25. Qd2 Qb7 26. Re2 Rxe2 27. Qxe2 {Black should prevent Rxa5!} h6 28. Qe5 (28. Kf2 $142) 28... Qc6 29. Qe1 Qb5 30. Qe5 Qc6 31. Qe1 $1 Qb5 $2 ({Better is} 31... Re8 $19 32. Qd1 Qb5) 32. c6 $2 {[%mdl 8192]} (32. Qe5 $11 {and White is okay.} Qc6) 32... Qxc6 33. Rc1 Qe6 34. Qd2 Rb8 35. Re1 Qd6 36. Re5 (36. Qc2 $142) 36... Rc8 37. Qf4 {[#] Black must now prevent Re8+!} Qd7 38. h4 (38. Qd2 $142) 38... a4 39. Qe3 a3 40. Bxa3 bxa3 41. Qxa3 Be6 42. Qe3 Rd8 43. Re4 Bf5 44. Re5 Be6 45. Re4 $1 Qd5 46. Kh2 Qd6+ 47. f4 g6 {[%cal Bg7g6,Bg6g5,Bg5f4][%mdl 32]} 48. g4 (48. h5 $142 gxh5 49. Re5) 48... Bxg4 49. Kg3 Be6 50. Qe2 Kg7 51. h5 Bf5 52. Re3 g5 53. Re5 gxf4+ {Black mates.} 54. Kh2 Be6 55. Qg2+ Kf8 56. Qf2 Qxd4 {Precision: White = 34%, Black = 61%.} 0-1

[Event "FIDE WCC 2018"]
[Site "Khanty-Mansiysk"]
[Date "2018.11.05"]
[Round "1.5"]
[White "Zhukova, Natalia"]
[Black "Ni, Shiqun"]
[Result "0-1"]
[WhiteElo "2375"]
[BlackElo "2436"]
[Annotator "TA"]
[PlyCount "130"]
[EventDate "2018.11.03"]
[EventType "k.o."]
[EventCountry "RUS"]
[SourceTitle "playchess.com"]
[Source "ChessBase"]
[SourceQuality "1"]

{[%evp 17,130,21,32,16,26,19,26,29,27,26,26,16,65,31,47,49,49,47,56,9,16,-30,0,-31,-10,-37,-41,-48,-45,-42,-16,-45,-40,-107,-110,-152,-158,-153,-144,-167,-52,-52,-26,-72,-46,-50,-39,-41,-44,-58,-30,-31,-37,-41,0,0,0,0,0,0,14,0,25,0,0,0,0,0,0,-8,0,-17,-17,-16,-19,-36,-33,-190,-175,-210,0,-200,-190,-235,-179,-203,-200,-235,-218,-410,-399,-369,-216,-329,-275,-816,-783,-784,-738,-1006,-946,-1194,-1083,-1034,-1285,-1214,-1184,-2262,-2096,-29967,-29968,-29976,-29977,-29975,-4870]} 1. c4 c6 2. Nf3 Nf6 3. e3 d5 4. Qc2 g6 5. Be2 (5. b3 Bg7 6. Bb2 O-O 7. Be2 Bf5 8. d3 Na6 9. a3 dxc4 10. bxc4 Nc5 11. Nd4 Bxd3 12. Bxd3 Nxd3+ 13. Qxd3 {0-1 (51) Movsesian,S (2647)-Fressinet,L (2662) Riadh 2017}) 5... Bg7 6. O-O {A11: English Opening: 1...c6} O-O 7. d4 b6 8. b3 Bb7 9. Bb2 Nbd7 {LiveBook: 5 Games} 10. cxd5 $146 ({Predecessor:} 10. Nc3 e6 11. e4 dxe4 12. Nxe4 Nxe4 13. Qxe4 {½-½ (61) Swiercz,D (2478)-Sumets,A (2545) Warsaw 2008}) 10... cxd5 11. Nc3 Rc8 12. Rfc1 Ne4 13. Qd1 Nxc3 14. Bxc3 e6 15. a4 {[%cal Ba2a4,Ba4a5,Ba5a6][%mdl 32]} Qe7 16. a5 Rc7 17. a6 Ba8 {[%cal Bb7a8,Ba8c6,Bc6e8][%mdl 32]} 18. Qd2 {aiming for Bb4.} Rfc8 19. Ne1 Bf8 (19... Nf6 $5 {[%cal Rf6e4]} 20. f3 Bc6 $11) 20. Rc2 Qd8 21. b4 Nf6 {[%cal Bd7f6,Bf6e8,Be8d6][%mdl 32] White must now prevent ...Ne4.} 22. f3 $1 Bc6 23. b5 Be8 24. Bb2 Bd7 25. Rac1 (25. Rxc7 $15 Rxc7 26. Bc3) 25... Ne8 $1 $17 26. Bd3 {[#]} Nd6 $1 27. Qe2 Rxc2 28. Rxc2 Rxc2 (28... Qe8 $19 29. e4 Rxc2 30. Nxc2 dxe4 31. fxe4 Bxb5) 29. Nxc2 $15 Qc8 {Threatens to win with ...Bxb5!} 30. Na3 Bh6 31. Kf2 Qd8 32. g3 Qc8 33. Kg2 Bf8 34. e4 dxe4 35. fxe4 Bg7 36. e5 Ne8 37. Qe4 Bf8 38. Qb7 Qc7 39. Nb1 Bc8 (39... Bxb5 {keeps more tension.} 40. Bxb5 Qc2+ 41. Kh3 Nc7 42. Nc3 Nxb5 43. Nxb5 Qxb2 44. Nd6 Qf2) 40. Qxc7 (40. Qa8 {with more complications.} Bb4 41. h4 h5 42. Kf2 Ba5 43. Qe4) 40... Nxc7 41. Ba3 $1 Bxa3 42. Nxa3 $11 {[%mdl 4096] Endgame KBN-KBN} Bd7 43. Kf2 Kg7 44. Ke2 f5 45. Kd2 g5 46. Kc3 h5 47. Kb4 $2 ({Better is} 47. Kd2 $15) 47... Nd5+ $19 48. Kb3 Nc7 $2 ({Black should play} 48... g4 $19 49. Nc2 {[#]} h4 $1 {[%mdl 512]} 50. gxh4 Kg6) 49. Bc4 $2 (49. Kb4 $1 $11 {and White is okay.}) 49... h4 50. Kb4 hxg3 51. hxg3 f4 52. gxf4 gxf4 53. Kc3 $2 (53. Be2) 53... Kg6 54. Kd3 Kg5 (54... Kf5 $142 55. Kc3 Ke4 56. Bd3+ Kf3) 55. Ke4 (55. Ke2 {was the only defense.}) 55... Kg4 56. Be2+ $2 (56. Kd3) 56... Kg3 57. Bf1 f3 58. Ke3 f2 59. Be2 Kg2 60. Kf4 f1=Q+ 61. Bxf1+ Kxf1 62. Kg5 Nxb5 63. Nc2 Ke2 {Black mates.} 64. Kf6 Kd2 65. Nb4 Kc3 {Precision: White = 25%, Black = 67%.} (65... Nxd4 $142 66. Ke7 Bb5 67. Kd6 Kc3 68. Na2+ Kb3 69. Nc1+ Kb2 70. Nb3 Kxb3 71. Kc7 Bxa6 72. Kb8 Bc4 73. Ka8 a5 74. Kb8 a4 75. Kc8 a3 76. Kd7 a2 77. Ke7 Nf5+ 78. Kd7 a1=Q 79. Kc6 Bd5+ 80. Kd7 Qa7+ 81. Kc8 Qe7 82. Kb8 Qb7#) 0-1

[Event "FIDE WCC 2018"]
[Site "Khanty-Mansiysk"]
[Date "2018.11.05"]
[Round "1.6"]
[White "Ni, Shiqun"]
[Black "Zhukova, Natalia"]
[Result "1/2-1/2"]
[WhiteElo "2436"]
[BlackElo "2375"]
[Annotator "TA"]
[PlyCount "68"]
[EventDate "2018.11.03"]
[EventType "k.o."]
[EventCountry "RUS"]
[SourceTitle "playchess.com"]
[Source "ChessBase"]
[SourceQuality "1"]

{[%evp 21,68,41,38,44,55,27,63,48,57,-7,47,30,33,29,61,64,57,53,53,41,88,84,85,85,90,91,91,87,87,86,104,59,59,68,137,137,137,137,131,131,181,0,88,0,189,0,90,0,183]} 1. e4 e6 2. d4 d5 3. Nd2 a6 4. Ngf3 Nf6 5. Bd3 c5 6. exd5 exd5 7. dxc5 Bxc5 8. Nb3 {[%cal Bd2b3,Bb3d4,Bd4f5][%mdl 32]} Bb6 9. Qe2+ {C08: French Tarrasch: 3...c5 4 exd5 exd5 sidelines} Qe7 10. Qxe7+ Kxe7 11. O-O (11. Bg5 h6 12. Bh4 Nc6 13. O-O-O g5 14. Bg3 Be6 15. Ne5 Nh5 16. Nxc6+ bxc6 {½-½ (52) Pavlidis,A (2539)-Piorun,K (2651) Katowice 2017}) 11... Nc6 {LiveBook: 6 Games} 12. c3 Ne4 $146 ({Predecessor:} 12... h6 13. Re1+ Be6 14. Be3 Bxe3 15. Rxe3 Kd6 16. Rae1 Rhe8 {½-½ (33) Jankowiak,T (1905)-Betkowski,A (2038) Suwalki 2017}) 13. Nbd4 Re8 14. Be3 Bc7 15. Ng5 (15. c4 $14) 15... f5 (15... Nxd4 $11 16. cxd4 Bf5) 16. f3 ({Stronger than} 16. Nxh7 Rh8 $17) 16... Nxg5 17. Bxg5+ Kf7 18. Nxf5 Ne5 {[%cal Bc6e5,Be5c4,Bc4a3][%mdl 32]} 19. Bc2 $36 {[%mdl 2048] White has the initiative.} Nc4 20. Rfe1 {Strongly threatening Rxe8.} Bd7 ({Don't play} 20... Rxe1+ $6 21. Rxe1 Bb6+ 22. Kf1 $16) 21. b3 Na3 22. Bd3 Kg6 23. Be7 Bxf5 24. Bxf5+ Kxf5 25. Bxa3 Bf4 26. Rad1 Rxe1+ 27. Rxe1 $14 {[%mdl 4096] Endgame KRB-KRB} Bd2 ({Black should play} 27... Rc8 $14) 28. Rd1 $16 Bxc3 29. Rxd5+ Ke6 30. Rd6+ Kf5 {[#]} 31. Rd5+ (31. g4+ $1 $18 {is more deadly.} Kf4 32. Kf2) 31... Ke6 $1 {[%cal Re6d5]} 32. Rd6+ (32. Rd1 $16) 32... Kf5 $1 $18 {[#]} 33. Rd5+ (33. g4+ $1 $18 {has better winning chances.} Kf4 34. Kf2) 33... Ke6 $1 $16 {[%cal Re6d5]} 34. Rd6+ (34. Rd3 $16 Rc8 35. Re3+ Kd5 36. Kf1) 34... Kf5 $1 {Precision: White = 49%, Black = 53%.} 1/2-1/2

[Event "FIDE WCC 2018"]
[Site "Khanty-Mansiysk"]
[Date "2018.11.06"]
[Round "2.1"]
[White "Ju, Wenjun"]
[Black "Krush, Irina"]
[Result "1-0"]
[WhiteElo "2568"]
[BlackElo "2434"]
[Annotator "TA"]
[PlyCount "99"]
[EventDate "2018.11.03"]
[EventType "k.o."]
[EventCountry "RUS"]
[SourceTitle "playchess.com"]
[Source "ChessBase"]
[SourceQuality "1"]

{[%evp 21,99,13,22,12,14,16,25,14,15,12,28,28,28,28,25,28,34,31,42,38,35,36,54,48,52,45,89,91,90,90,79,87,77,82,123,136,132,133,122,95,96,96,96,96,93,93,123,83,171,145,170,127,2172,2018,1714,1611,1474,1479,5165,5097,5106,5181,4594,2984,1731,1449,4463,1660,29959,29964,6733,6195,29963,29969,29970,29971,29971,29972,29971,29973]} 1. d4 d5 2. c4 dxc4 3. e4 e5 4. Nf3 Bb4+ 5. Nc3 exd4 6. Qxd4 Qxd4 7. Nxd4 Nf6 8. f3 Bc5 {D20: Queen's Gambit Accepted: 3 e3 and 3 e4} 9. Be3 Nc6 10. Nc2 Bxe3 11. Nxe3 Be6 {LiveBook: 8 Games} 12. Bxc4 (12. O-O-O Ne5 13. Nb5 Ke7 14. Nxc7 Rac8 15. Nb5 Rc5 16. Nd4 {½-½ (29) Giri,A (2745)-Jussupow,A (2581) Netherlands 2014}) 12... Bxc4 13. Nxc4 O-O-O {[#]} 14. Rd1 $146 ({Predecessor:} 14. Ke2 Rd4 15. b3 Rhd8 16. Rhd1 Rxd1 17. Rxd1 Rxd1 18. Kxd1 {1-0 (41) Indjic,A (2549)-Georgiadis,N (2396) Kocaeli 2013}) 14... Nd7 15. Ke2 Nde5 16. Nxe5 Nxe5 17. f4 Nc6 18. Ke3 f6 19. h4 Rxd1 20. Rxd1 $14 {[%mdl 4096] Endgame KRN-KRN} Rd8 21. Rc1 Rd7 22. g4 h6 23. Nd5 Ne7 24. Nxe7+ Rxe7 $16 {KR-KR} 25. f5 Kd8 26. g5 hxg5 27. hxg5 fxg5 28. Rg1 Ke8 29. Rxg5 Kf7 30. Rg2 Rd7 31. e5 {[%cal Be4e5,Be5e6][%mdl 32]} Rd1 32. Kf4 Rf1+ {[#]} 33. Kg5 $1 Ke7 34. e6 c6 (34... b6 $16) 35. Kg6 Rf3 36. b4 {Black must now prevent Rd2.} a6 $2 {[%mdl 8192] [#]} (36... b6 $16 37. Rd2 Rg3+ 38. Kh7 Rg5) 37. Rd2 $18 Rg3+ 38. Kh7 Rg5 39. Rd7+ Ke8 40. Rxb7 Rxf5 41. Kxg7 Rf4 42. Kg6 Kd8 43. Kg5 Rf2 44. a4 {[%cal Ba2a4,Ba4a5][%mdl 32]} Rf1 45. a5 Rf2 46. Rd7+ Ke8 47. Rc7 {White mates.} Kd8 48. Rxc6 Rb2 49. Rb6 Ke7 50. Kf5 {Precision: White = 85%, Black = 44%.} 1-0

[Event "FIDE WCC 2018"]
[Site "Khanty-Mansiysk"]
[Date "2018.11.06"]
[Round "2.1"]
[White "Lagno, Kateryna"]
[Black "Hoang, Thanh Trang"]
[Result "1/2-1/2"]
[WhiteElo "2556"]
[BlackElo "2448"]
[Annotator "TA"]
[PlyCount "201"]
[EventDate "2018.11.03"]
[EventType "k.o."]
[EventCountry "RUS"]
[SourceTitle "playchess.com"]
[Source "ChessBase"]
[SourceQuality "1"]

{[%evp 27,201,23,25,13,27,18,26,19,31,26,60,62,68,64,68,58,68,64,50,58,104,40,74,40,222,116,148,144,137,136,141,93,164,170,168,67,66,66,66,67,67,67,67,67,73,60,77,45,45,45,45,34,34,34,45,32,60,60,60,60,60,52,52,45,60,45,45,45,52,52,52,52,60,60,60,60,60,52,52,0,60,60,60,60,60,60,60,15,60,60,60,41,41,41,41,15,25,15,15,15,15,15,15,15,15,15,15,15,60,60,60,60,60,0,60,33,41,15,41,41,41,41,41,41,41,41,41,41,41,15,41,41,41,15,41,41,41,41,41,0,0,0,0,0,0,0,0,0,0,0,41,41,41,41,41,41,41,41,41,41,41,41,41,41,41,41,41,0,41,0,0,0,0,0,0,0]} 1. e4 e6 2. d4 d5 3. Nd2 c5 4. exd5 Qxd5 5. Ngf3 cxd4 6. Bc4 Qd6 7. O-O Nf6 8. Nb3 Nc6 9. Nbxd4 Nxd4 10. Nxd4 Be7 11. c3 O-O 12. Qf3 Qc7 13. Bd3 {C07: Französische Verteidigung (Tarrasch-Variante)} (13. Bb3 a6 14. Re1 Bd6 15. h3 Bh2+ 16. Kh1 Be5 17. Be3 Bd7 18. Rad1 Rfd8 19. Rd2 Be8 20. Red1 Qe7 {0-1 (73) Giri,A (2720)-Ding,L (2702) Beijing 2012}) 13... Bd7 14. Re1 Rfe8 {LiveBook: 5 Partien} 15. h3 {Weiß hat minimalen Vorteil.} a6 16. Bf4 $146 ({Vorgänger:} 16. Bg5 h6 17. Bh4 Rac8 18. Bc2 Qb6 19. Rab1 Nd5 20. Bxe7 Nxe7 {0-1 (41) Jaederholm,B (2304)-Brandberg,J (2256) ICCF email 2013}) 16... Bd6 17. Bg5 Nd5 18. Be4 Nf4 19. Bxb7 Rab8 20. Bxa6 {Und a4 würde nun gewinnen.} Rxb2 21. a4 {Schwarz muss nun Lb5 beachten.} h6 22. Bxf4 Bxf4 23. Bb5 e5 24. Bxd7 (24. Re2 $16 Rd2 25. Bxd7 Qxd7 26. Rxd2 Bxd2 27. Nf5) 24... Qxd7 $14 25. Nb5 {[%cal Bd4b5,Bb5d6,Bd6c4,Bc4e5][%mdl 32]} Qd2 $2 {[#]} ({Besser ist} 25... Rd2 $14) 26. g3 (26. Red1 $1 $18 {[%cal Rd1d2]} Qc2 27. Nd6) 26... Bg5 {Schwarz will ...e4! spielen.} 27. Rad1 Qc2 {Droht ...e4.} 28. Nd6 Rf8 29. Nc4 Ra2 (29... e4 $16 30. Rxe4 Rb3) 30. Nxe5 $18 Bd2 31. Rf1 ({Weiss kommt nicht vorbei an} 31. Re4 $18) 31... Qxc3 $14 32. Qd5 Rxa4 33. Nf3 $1 Bg5 $1 34. Nxg5 hxg5 35. Qxg5 Qf3 36. Rd2 Re4 37. Rd8 Rxd8 38. Qxd8+ {[%mdl 4096] Endspiel KDT-KDT} Kh7 39. Qd2 Re2 40. Qd4 Re6 41. Rc1 g6 42. Qh4+ Kg7 43. Qb4 {zielt auf Tc8 ab.} Re2 44. Qc5 Kh7 45. Qa7 Kg7 46. Qa1+ Kh7 47. Rf1 Kg8 48. Qd4 Kh7 49. h4 Kg8 50. Rb1 {[#] Weiss droht Tb8+ und Matt.} Kh7 51. Rc1 Re4 52. Qc5 Re2 53. Qd4 (53. Rf1 {keeps more tension.} Kg7 54. Ra1 Rd2 55. Qe5+ Kh7 56. Qe1) 53... Re4 54. Qc3 Qxc3 55. Rxc3 {KT-KT} f5 56. Kg2 Ra4 57. Kf3 Kh6 58. Rc6 Ra3+ 59. Kf4 Ra2 60. Ke3 Ra3+ 61. Kd2 Ra2+ 62. Rc2 Ra4 63. Kd3 Rb4 64. Rc7 Rb2 65. Ke3 Rb3+ 66. Kf4 Rb2 67. Kf3 Rb3+ 68. Kg2 Rb2 69. Rf7 Ra2 70. Kf3 ({Lieber} 70. Rf6 $14) 70... Rb2 ({Günstiger ist} 70... Ra3+ $11 71. Kg2 Ra5) 71. Ke3 Ra2 72. Rd7 Ra3+ 73. Rd3 Ra4 74. Rd4 Ra3+ 75. Kf4 Ra2 76. f3 Ra3 77. Rb4 Rc3 78. Rb8 Rc5 79. Re8 Ra5 80. Re7 Rb5 81. Re6 Ra5 82. Rc6 Rb5 83. Ra6 Rb4+ 84. Ke5 Rb3 85. Kf4 Rb4+ 86. Ke3 Rb3+ 87. Kf2 Rb2+ 88. Kf1 Rb1+ 89. Kg2 Rb2+ 90. Kh3 Rb3 91. f4 Rb1 92. Ra7 Rb6 93. Rc7 Ra6 94. Rb7 Rc6 95. Rf7 Rc5 96. Re7 Rc6 97. Rf7 Rc5 98. h5 g5 {Die Stellung ist ausgeglichen.} 99. fxg5+ Kxg5 100. Rh7 Rc3 101. Kg2 {Precision: Weiß = 56%, Schwarz = 61%.} 1/2-1/2